000 00374nam a2200157Ia 4500
008 230917s9999||||xx |||||||||||||| ||und||
040 _e125085
_aMAIN
041 _aEnglish
082 _a150 B268P
100 _aBaron, Robert A
245 0 _aPsychology
250 _a3rd. ed.
260 _aNew Delhi
_bPrentice-Hall of India
_c1996
300 _axxi, 728 p.
942 _cBK
999 _c92665
_d92665